La Zonació litoral / [Guió: Miquel Zabala i Josep Ma. Gili ; ilustracions: Jordi Corbera] Miquel Zabala i Josep Ma. Gili ; ilustracions:
Publicado:
Barcelona :
Diputació de Barcelona. Servei del Medi Ambient : CEM, Centre d'Estudis del Mar ,
1987
Descripción Física:
44 p. ; 21 cm + 1 tríptic
Colección:
Temes de treball ; 4
MARC
| LEADER | 00000nam a2200000Ia 4500 | ||
|---|---|---|---|
| 001 | 19461 | ||
| 008 | 160829s1987 xx 000 0 cat d | ||
| 080 | |a FU-6-40 | ||
| 100 | |a Zabala i Limousin, Mikel |9 27333 | ||
| 245 | |a La Zonació litoral / [Guió: |b Miquel Zabala i Josep Ma. Gili ; ilustracions: |b Jordi Corbera] | ||
| 260 | |a Barcelona : |b Diputació de Barcelona. Servei del Medi Ambient : |b CEM, Centre d'Estudis del Mar, |c 1987 | ||
| 300 | |a 44 p. ; |c 21 cm + 1 tríptic | ||
| 490 | |a Temes de treball ; 4 | ||
| 590 | |a Bibliografia. | ||
| 590 | |a Inclou el tríptic: Claus per a classificar vegetals i animals del medi marí | ||
| 650 | |a Costes |x Ensenyament |x Problemes, exercicis, etc. |9 27334 | ||
| 700 | |a Gili, Josep Ma. |9 27335 |e autor | ||
| 700 | 1 | |a Corbera, Jordi |e il·lustrador |9 27336 | |
| 710 | 2 | |a Centre d'Estudis del Mar |9 52945 | |
| 710 | 1 | |a Barcelona (Catalunya : Província). |b Servei de Medi Ambient |9 53475 | |
| 901 | |a Arxiu | ||
| 942 | |n 1 |2 udc | ||
| 952 | |0 0 |1 0 |4 0 |6 FU640 |7 1 |9 44354 |a Arxiu |b Arxiu |d 2016-12-01 |l 0 |o FU-6-40 |p 19461 |r 2016-12-01 00:00:00 |w 2016-12-01 |y ARXIU | ||
| 999 | |c 46935 |d 46935 | ||